| 000 | 00879cam a22002294a 4500 | ||
|---|---|---|---|
| 005 | 20250605164147.0 | ||
| 008 | 250528s ||||||||||||||||||||||||d | ||
| 035 | _a19236 | ||
| 020 | _a749441003 | ||
| 040 |
_aGR-AtMCL _bgre _dGR-AtMCL _eAACR2 |
||
| 245 | 1 | _aThe Business Enterprise Handbook / Revised Edition | |
| 250 | _a1st | ||
| 260 |
_bKogan Page Limited, _c2001 |
||
| 300 | _a356 | ||
| 520 | _aThis book is designed to help all entrepreneurs who want to grow and develop both their business and themselves. Introduction, Where are We Now?, Your Mission, Opportunities and Threats, Strengths and Weaknesses, The Financial Position, How to Diagnose Your Organization, Assessing People and Structure and Systems. | ||
| 700 | 1 |
_aBarrow Collin _95470 |
|
| 700 | 1 |
_aBrown Robert _95471 |
|
| 700 | 1 |
_aClarke Liz _95472 |
|
| 942 | _cBK | ||
| 999 |
_c4502 _d4502 |
||